| 000 | 00820cam a22002171 4500 | ||
|---|---|---|---|
| 001 | med47000849 | ||
| 003 | DLC | ||
| 005 | 20260227111601.0 | ||
| 008 | 860710s1946 nyua 000 0 eng c | ||
| 010 | _amed47000849 | ||
| 035 | _a(OCoLC)13848741 | ||
| 040 |
_aU. S. Army medical library _cCU _dCU _dDLC |
||
| 050 | 0 | 0 |
_aRC445.M4 _bR823 |
| 100 | 1 |
_aWhite, Harding L., _d1897- |
|
| 245 | 1 | 4 |
_aThe training center plan for rehabilitation of the tuberculous at Rutland training center, Rutland, Mass. _cAn interim report by Harding L. White ... and Robert W. Maloney ... |
| 260 |
_aNew York, _bNational tuberculosis assn., _c1946. |
||
| 300 |
_avii, 35 p. _billus. _c23 cm. |
||
| 610 | 2 | 0 | _aRutland Training Center (Rutland, Mass) |
| 650 | 0 |
_aTuberculosis _xPatients _xRehabilitation. |
|
| 700 | 1 |
_aMaloney, Robert W., _d1914- |
|
| 999 |
_c38199 _d38199 |
||